Statistics for Video Game Consoles By Pictures #1

Click here to take the quiz!

General Stats

  • This quiz has been taken 432 times
  • The average score is 13 of 15

Answer Stats

Answer% Correct
XBOX
99%
Nintendo GameBoy
97%
Nintendo Switch
97%
Nintendo Wii
97%
Playstation 4
97%
Playstation 3
96%
Xbox One
92%
Nintendo DS
89%
Nintendo Gamecube
89%
Playstation Portable
85%
Xbox 360
83%
Nintendo Entertainment System
74%
Sega Dreamcast
66%
Super Nintendo Entertainment System
66%
Sega Genesis
64%

Score Distribution

Percentile by Number Answered

Percent of People with Each Score

Your Score History

You have not taken this quiz